An engineering approach to digital design /

Bibliographic Details
Main Author: Fletcher, William I., 1938-
Format: Book
Language:English
Published: Englewood Cliffs, N.J. : Prentice-Hall, [1980]
Subjects:

MARC

Tag First Indicator Second Indicator Subfields
LEADER 00000pam a2200000 i 4500
001 in00000037960
005 20151007080734.0
008 781128s1980 njua 00110 eng
010 |a  78027177  
020 |a 0132776995 :  |c $28.00 
035 |a (OCoLC)04491624 
035 |9 AAF5298AM 
040 |a DLC  |c DLC  |d TXA  |d UtOrBLW 
049 |a TXAM  |c [1405475] 
050 0 0 |a TK7868.D5  |b F5 
082 0 |a 621.3815 
100 1 |a Fletcher, William I.,  |d 1938- 
245 1 3 |a An engineering approach to digital design /  |c William I. Fletcher. 
264 1 |a Englewood Cliffs, N.J. :  |b Prentice-Hall,  |c [1980] 
264 4 |c ©1980 
300 |a xviii, 766 pages :  |b illustrations ;  |c 25 cm. 
336 |a text  |b txt  |2 rdacontent 
337 |a unmediated  |b n  |2 rdamedia 
338 |a volume  |b nc  |2 rdacarrier 
500 |a Includes index. 
650 0 |a Digital electronics. 
650 0 |a Logic design. 
650 0 |a Machine theory. 
999 |a MARS 
999 f f |s 327f065a-24fd-35d7-b07f-98b94a8e5be6  |i 6f9e705c-002f-3068-8837-5c01014186f9  |t 0 
952 f f |p normal  |a Texas A&M University  |b College Station  |c Sterling C. Evans Library  |d Evans: Library Stacks  |t 0  |e TK7868.D5 F5  |h Library of Congress classification  |i unmediated -- volume  |m A14805497136 
998 f f |a TK7868.D5 F5  |t 0  |l Evans: Library Stacks